Advertising and promotion an integrated marketing communications perspectiv
Guardat en:
| Autor principal: | |
|---|---|
| Format: | Llibre |
| Idioma: | anglès |
| Publicat: |
McGraw-Hill Education
2021
|
| Etiquetes: |
Afegir etiqueta
Sense etiquetes, Sigues el primer a etiquetar aquest registre!
|
MARC
| LEADER | 00000nam a22000007a 4500 | ||
|---|---|---|---|
| 008 | 230830b |||||||| |||| 00| 0 eng d | ||
| 020 | |a 9781260570991 | ||
| 100 | |a BELCH, George E. |a Belch, Michael A. | ||
| 245 | |a Advertising and promotion |b an integrated marketing communications perspectiv |c / George E. Belch & Michael A. Belch |g xxxi, 740p; ill | ||
| 250 | |b 12th | ||
| 260 | |b McGraw-Hill Education |c 2021 |h New York |i 700605 |i 700606 |i 700607 |l HF5823.B41 |m Advertising |m Sales promotion |m Communication in marketing | ||
| 500 | |a it includes index | ||
| 942 | |a lcc |c BK |e Johnson |f 30/08/23 | ||
| 952 | |0 0 |1 0 |2 lcc |4 0 |6 HF5823 B41 |7 0 |9 4450 |a MPL |b HOL |c GJ |d 2023-08-30 |l 0 |o HF5823.B41 |p 2023-0372 |r 2023-08-30 00:00:00 |t 700605 |w 2023-08-30 |y BK | ||
| 952 | |0 0 |1 0 |2 lcc |4 0 |6 HF5823 B41 |7 0 |9 4451 |a HOL |b HOL |c GJ |d 2023-08-30 |l 0 |o HF5823.B41 |r 2023-08-30 00:00:00 |t 700607 |w 2023-08-30 |y BK | ||
| 952 | |0 0 |1 0 |2 lcc |4 0 |6 HF5823 B41 |7 0 |9 4452 |a HOL |b HOL |c GJ |d 2023-08-30 |l 0 |o HF5823.B41 |p 2023-0373 |r 2023-08-30 00:00:00 |t 700606 |w 2023-08-30 |y BK | ||
| 999 | |c 2233 |d 2233 | ||